Statistiken für FIFA Weltrangliste

Klicken Sie hier um das Quiz zu spielen!

Allgemein

  • Dieses Quiz wurde 2.574 mal gespielt
    (511 seit der letzten Aktualisierung)
  • Das Durchschnittsergebnis liegt bei 24 aus 30

Antwortstatistiken

RangPunkteTeam% Korrekt
1.1855Argentinien
99%
5.1784Brasilien
99%
16.1631Deutschland
99%
2.1845Frankreich
99%
8.1732Spanien
97%
3.1800England
96%
4.1798Belgien
95%
9.1718Italien
95%
6.1745Niederlande
94%
7.1745Portugal
94%
18.1613Schweiz
93%
12.1665Vereinigte Staaten
93%
24.1546Österreich
90%
17.1620Japan
89%
15.1652Mexiko
87%
10.1717Kroatien
84%
13.1661Marokko
84%
26.1530Schweden
84%
19.1601Dänemark
81%
23.1550Südkorea
75%
11.1665Uruguay
75%
25.1539Australien
73%
14.1655Kolumbien
73%
22.1553Ukraine
61%
27.1525Ungarn
60%
20.1594Senegal
58%
29.1521Wales
47%
30.1520Algerien
43%
21.1565Iran
39%
28.1523Tunesien
35%

Verteilung der Resultate

Perzentil nach korrekt beantworteten Fragen

Anzahl Personen mit jedem Resultat

Ihre Resultats-Entwicklung

Sie haben dieses Quiz seit der letzten Aktualisierung nicht gespielt